Flags of Men's Cricket World Cup Hosts - Statistics

General Stats
  • This quiz has been taken 11 times
  • The average score is 15 of 16
Answer Stats
Picture Hint Answer % Correct
1992, 2015 Australia
100%
1975, 1979, 1983, 1999, 2019 England
100%
1987, 1996, 2011, 2023, 2031 India
100%
1992, 2015 New Zealand
100%
1987, 1996 Pakistan
100%
1999 Scotland
100%
2003, 2027 South Africa
100%
2011, 2031 Bangladesh
89%
1999 Ireland
89%
1999 Netherlands
89%
1996, 2011 Sri Lanka
89%
1983, 1999, 2019 Wales
89%
2003, 2027 Zimbabwe
89%
2003 Kenya
78%
2027 Namibia
78%
2007 West Indies
67%
No matching quizzes found
Score Distribution
Percent of People with Each Score
Percentile by Number Answered
Your Score History
You have not taken this quiz